Globalization : (Record no. 41651)
[ view plain ]
| 000 -LEADER | |
|---|---|
| fixed length control field | 00893nam a22002417a 4500 |
| 005 - DATE AND TIME OF LATEST TRANSACTION | |
| control field | 20100813142658.0 |
| 010 ## - LCCN (DPL NO) | |
| LC control number | ENG-99892 |
| 020 ## - INTERNATIONAL STANDARD BOOK NUMBER | |
| International Standard Book Number | 8131412649 |
| Terms of availability | 382.00 |
| 020 ## - INTERNATIONAL STANDARD BOOK NUMBER | |
| International Standard Book Number | 9788131412640 |
| Terms of availability | 382.00 |
| 035 ## - SYSTEM CONTROL NUMBER | |
| System control number | 83424 |
| 037 ## - SOURCE OF ACQUISITION | |
| Source of stock number/acquisition | DBAD/PUB |
| 082 ## - DEWEY DECIMAL CLASSIFICATION NUMBER | |
| Classification number | 331.13795431 |
| 245 ## - TITLE STATEMENT | |
| Title | Globalization : |
| Statement of responsibility, etc | edited by Preeti Phuskele |
| Remainder of title | impact and implications / |
| 260 ## - PUBLICATION, DISTRIBUTION, ETC. (IMPRINT) | |
| Place of publication, distribution, etc | Hyderabad |
| Name of publisher, distributor, etc | The Icfai University Press |
| Date of publication, distribution, etc | 2008 |
| 270 ## - ADDRESS | |
| Address | 52, Nagarjuna Hills Punjagutta |
| City | Huderabad |
| Postal code | 500082 |
| 300 ## - PHYSICAL DESCRIPTION | |
| Extent | ix, 270p. |
| Dimensions | 23cm (pbk) |
| 500 ## - GENERAL NOTE | |
| General note | includes index |
| 650 ## - SUBJECT ADDED ENTRY--TOPICAL TERM | |
| Topical term or geographic name as entry element | Globalization |
| General subdivision | Economic aspects |
| 650 ## - SUBJECT ADDED ENTRY--TOPICAL TERM | |
| Topical term or geographic name as entry element | International trade |
| 700 ## - ADDED ENTRY--PERSONAL NAME | |
| Personal name | Phuskele, Preeti |
| 9 (RLIN) | 12735 |
| 942 ## - ADDED ENTRY ELEMENTS (KOHA) | |
| Source of classification or shelving scheme | Dewey Decimal Classification |
| Item type | English Books |
| Classification part | 331.13795431 |
| Call number suffix | GLO |
| Withdrawn status | Lost status | Not for loan | Collection code | Home library | Current library | Date acquired | Source of acquisition | Cost, normal purchase price | Full call number | Barcode | Copy number | Cost, replacement price | Koha item type |
|---|---|---|---|---|---|---|---|---|---|---|---|---|---|
| Not For Loan | Non-fiction | D.B.Act.Division | D.B.Act.Division | 13/08/2010 | DBAD/PUB | 382.00 | 331.13795431 GLO | EN-83424 | 1 | 382.00 | English Books |
